25 plus grandes villes de France d'outre-mer - Statistiques

Statistiques générales
  • Ce quiz a été pris 65 fois
  • Le résultat moyen est 12 sur 25
Statistiques - réponses
Hint Réponse % Correct
74 921 Fort-de-France
95%
154 765 Saint-Denis
95%
84 077 Saint-Pierre
88%
63 468 Cayenne
83%
105 240 Saint-Paul
83%
71 437 Mamoudzou
77%
81 943 Le Tampon
75%
94 285 Nouméa
73%
52 118 Les Abymes
70%
50 250 Saint-Laurent-du-Maroni
48%
39 641 Le Lamentin
45%
37 023 Saint-Benoît
45%
33 336 Le Port
43%
57 150 Saint-André
42%
34 344 Sainte-Marie
42%
53 935 Saint-Louis
42%
38 807 Saint-Joseph
32%
34 893 Saint-Leu
28%
29 826 Faaa
27%
35 245 La Possession
25%
31 477 Saint-Martin
23%
30 909 Baie-Mahault
18%
35 873 Dumbéa
17%
32 156 Koungou
15%
34 810 Matoury
15%
Aucun quiz correspondant
Distribution des résultats
% des personnes avec chaque résultat
Percentile par nombre de réponses
Votre historique - résultats
Vous n’avez pas pris ce quiz